[Event "Barcelona Tres Peons-F 46th"]
[Site "Barcelona"]
[Date "2017.06.16"]
[Round "9.2"]
[White "Casabona Fina, David"]
[Black "Porta Guiu, Lourdes"]
[Result "1-0"]
[WhiteElo "1700"]
[BlackElo "1354"]
[PlyCount "125"]
[EventDate "2017.04.21"]
[EventType "swiss"]
[EventRounds "9"]
[EventCountry "ESP"]
[SourceTitle "EXT 2024"]
[Source "ChessBase"]
[SourceDate "2023.10.10"]
[SourceVersion "1"]
[SourceVersionDate "2023.10.10"]
[SourceQuality "1"]

1. d4 d5 2. c4 e6 3. Nc3 Nf6 4. b3 Bb4 5. Bd2 Nc6 6. e3 0-0 7. Nf3 Re8 8. Be2 Ne4 9. Na4 Bxd2+ 10. Nxd2 Nf6 11. 0-0 e5 12. dxe5 Nxe5 13. Nf3 Nxf3+ 14. Bxf3 dxc4 15. bxc4 c6 16. Rb1 Rb8 17. h3 Bf5 18. Rb3 Qxd1 19. Bxd1 Be6 20. Rc3 Ne4 21. Rc2 b5 22. cxb5 cxb5 23. Nc5 Nxc5 24. Rxc5 Bxa2 25. Be2 b4 26. Bc4 Bxc4 27. Rxc4 Rec8 28. Rxc8+ Rxc8 29. Rb1 a5 30. Kf1 Rb8 31. Ke2 a4 32. Kd3 a3 33. Kc2 a2 34. Rd1 Ra8 35. Ra1 Ra3 36. Kb2 Rd3 37. Rxa2 g6 38. Ra8+ Kg7 39. Kc2 Ra3 40. Rxa3 bxa3 41. g4 Kf6 42. f4 h5 43. Kb3 h4 44. Kxa3 Ke6 45. e4 f5 46. exf5+ gxf5 47. g5 Kf7 48. Kb4 Kg6 49. Kc5 Kf7 50. Kd6 Kg7 51. Ke6 Kg6 52. Ke5 Kf7 53. Kxf5 Kg7 54. g6 Kg8 55. Kg5 Kg7 56. f5 Kg8 57. f6 Kf8 58. Kxh4 Kg8 59. Kh5 Kh8 60. Kh6 Kg8 61. g7 Kf7 62. Kh7 Kxf6 63. g8Q 1-0

[Event "Barcelona Tres Peons-F 46th"]
[Site "Barcelona"]
[Date "2017.05.05"]
[Round "3.1"]
[White "Porta Guiu, Lourdes"]
[Black "Aleksanyan Israelyan, Nicolas"]
[Result "0-1"]
[WhiteElo "1354"]
[BlackElo "1282"]
[PlyCount "50"]
[EventDate "2017.04.21"]
[EventType "swiss"]
[EventRounds "9"]
[EventCountry "ESP"]
[SourceTitle "EXT 2024"]
[Source "ChessBase"]
[SourceDate "2023.10.10"]
[SourceVersion "1"]
[SourceVersionDate "2023.10.10"]
[SourceQuality "1"]

1. e4 e6 2. d4 d5 3. e5 c5 4. c3 Nc6 5. Nf3 f6 6. Bf4 cxd4 7. cxd4 Qb6 8. b3 Bb4+ 9. Bd2 Nxd4 10. Nc3 Nxf3+ 11. Qxf3 Qd4 12. Bb5+ Bd7 13. Bxd7+ Kxd7 14. Rd1 Qxe5+ 15. Ne2 Bxd2+ 16. Rxd2 Qa1+ 17. Rd1 Qxa2 18. 0-0 Qa6 19. Ra1 Qb6 20. Rfc1 Ne7 21. Rc3 Rac8 22. Rac1 Rxc3 23. Rxc3 Rc8 24. Nf4 Qa5 25. Ne2 Qa1+ 0-1

[Event "Sant Boi op"]
[Site "Sant Boi de Llobregat"]
[Date "2016.11.12"]
[Round "7.3"]
[White "Morral Esteve, Salvador"]
[Black "Porta Guiu, Lourdes"]
[Result "0-1"]
[WhiteElo "1279"]
[BlackElo "1445"]
[PlyCount "74"]
[EventDate "2016.10.01"]
[EventType "tourn"]
[EventRounds "9"]
[EventCountry "ESP"]
[SourceTitle "EXT 2024"]
[Source "ChessBase"]
[SourceDate "2023.10.10"]
[SourceVersion "1"]
[SourceVersionDate "2023.10.10"]
[SourceQuality "1"]

1. c4 e5 2. Nc3 d6 3. e4 g6 4. Nf3 f5 5. d3 Nf6 6. h3 Bg7 7. Be2 Be6 8. d4 0-0 9. d5 fxe4 10. dxe6 exf3 11. Bxf3 Qe8 12. Bxb7 Nc6 13. Bxa8 Qxa8 14. Nd5 Nd4 15. 0-0 Nxe6 16. Qf3 Nxd5 17. Qxd5 Qxd5 18. cxd5 Nf4 19. Kh2 Nxd5 20. Be3 e4 21. Bxa7 Bxb2 22. Rab1 Be5+ 23. g3 Ra8 24. Rb8+ Rxb8 25. Bxb8 Nc3 26. Bxc7 Nxa2 27. Re1 Nc3 28. Bb6 d5 29. f4 Bf6 30. Bf2 d4 31. Rf1 e3 32. Be1 d3 33. Bxc3 Bxc3 34. Kg2 e2 35. Rb1 e1Q 36. Rxe1 Bxe1 37. Kf1 Bxg3 0-1